| 000 | 00386nam a2200157Ia 4500 | ||
|---|---|---|---|
| 008 | 221030s9999 xx 000 0 und d | ||
| 020 | _a8120326407 | ||
| 082 |
_a105.23 _bGup |
||
| 100 | _aM. P. Gupta | ||
| 245 | 0 | _aQuantitative Techniques For Decision Making | |
| 260 |
_bPHI _aNew Delhi _c2004 |
||
| 300 | _a465 | ||
| 650 | _aManagement | ||
| 700 | _aR. B. Khanna | ||
| 942 |
_cBK _2ddc |
||
| 999 |
_c2053 _d2053 |
||